000 00393pab a2200157 454500
008 180718b2010 xxu||||| |||| 00| 0 eng d
100 _aRamdas, Sagari R.
245 _aGajah and Praja: Conservation, control and conflicts
260 _c2010
300 _ap.40-43.
362 _a4 Dec
650 _aWild animals
773 _aEconomic and Political Weekly
908 _aN
909 _a90191
999 _c90191
_d90191